000
00519nam a2200181Ia 4500
008
090124s9999 xx 000 0 und d
082
_b
124295
100
_a
मडकईकर भालचंद्र
245
_a
गौडबंगाल
250
_a
1
260
_c
1990
300
_a
157
600
_a
मडकईकर भालचंद्र
630
_a
गौडबंगाल
700
_a
मडकईकर भालचंद्र
730
_a
गौडबंगाल
942
_c
BOOK
999
_c
170382
_d
170382